Countries with the Most Coin Collectors Per Capita - Statistics

General Stats
  • This quiz has been taken 11 times
  • The average score is 16 of 20
Answer Stats
C. per 1M people Answer % Correct
259.50 Slovakia
100%
202.53 Andorra
89%
158.72 Belgium
89%
265.63 Bulgaria
89%
158.67 Estonia
89%
466.24 Latvia
89%
690.36 Lithuania
89%
145.53 Netherlands
89%
146.91 Poland
89%
507.94 Portugal
89%
166.69 Spain
89%
130.87 Italy
78%
184.21 Liechtenstein
78%
130.60 Moldova
78%
205.88 San Marino
78%
165.04 Ukraine
78%
3750.00 Vatican City
78%
142.12 Belarus
67%
181.08 Georgia
67%
152.80 Montenegro
56%
No matching quizzes found
Score Distribution
Percent of People with Each Score
Percentile by Number Answered
Your Score History
You have not taken this quiz